000
00330nam a22001457a 4500
005
20170401143056.0
008
170401b xxu||||| |||| 00| 0 eng d
020
_a
81-8143-091-3
041
_a
eng
100
_a
BHANDARI,MANNU
_9
3771
245
_a
KATHA- PATKATHA
300
_a
216
650
_a
VANI PRAKASHAN
_9
3772
942
_c
BK
999
_c
5381
_d
5379